Strateška parnica kao sredstvo za zaštitu od diskriminacije /

Hlavní autor: Dvořák, Miroslav
Další autoři: Štěpánková, Martina
Jazyk: Chorvatština
Vydáno: Praha : Poradna pro občanství, občanská a lidská práva, c2012
Témata:
Fyzický popis: 79 s. ; 21 cm
Knihy
Uloženo v:
LEADER 01696nam a2200445 a 4500
001 nkc20122412621
003 CZ PrNK
005 20150923100053.0
007 ta
008 150205s2012 xr e f 000 0 hrv
015 |a cnb002412621 
020 |a 978-80-260-3295-3  |q (brož.) 
035 |a (OCoLC)904578559 
040 |a ABA001  |b cze 
041 1 |a hrv  |h cze 
043 |a e------  |a e-xr--- 
072 7 |a 342  |x Ústavní právo. Správní právo  |2 Konspekt  |9 16 
080 |a 342.724  |2 MRF 
080 |a (4)  |2 MRF 
080 |a (437.3)  |2 MRF 
080 |a (035)  |2 MRF 
100 1 |a Dvořák, Miroslav  |7 jo2015858334  |4 aut 
245 1 0 |a Strateška parnica kao sredstvo za zaštitu od diskriminacije /  |c [autori Miroslav Dvořák, Martina Štěpánková ; prevod Ognjen Grebo] 
260 |a Praha :  |b Poradna pro občanství, občanská a lidská práva,  |c c2012 
300 |a 79 s. ;  |c 21 cm 
500 |a Přeloženo z češtiny 
504 |a Obsahuje bibliografii a bibliografické odkazy 
650 0 7 |a antidiskriminační právo  |7 ph500509  |z země Evropské unie  |2 czenas 
650 0 7 |a antidiskriminační právo  |7 ph500509  |z Česko  |2 czenas 
650 0 9 |a anti-discrimination law  |z European Union countries  |2 eczenas 
650 0 9 |a anti-discrimination law  |z Czechia  |2 eczenas 
655 7 |a příručky  |7 fd133209  |2 czenas 
655 9 |a handbooks and manuals  |2 eczenas 
700 1 |a Štěpánková, Martina  |7 mzk2005294896  |4 aut 
910 2 |a BOA001  |b 2-1353.710 
928 9 |a Poradna pro občanství / Občanská a lidská práva 
990 |a BK 
995 |a 01 
991 |b 201509  |c NOV  |e n 
996 6 |b 2610644599  |c 2-1353.710  |l MZK  |r Sklad / do 1 hodiny  |n 0  |p p.v.  |w 001524599  |u 000010  |a 1  |e BOA001  |j MZK50  |s P